logo

Bir Sreshtho Munshi Abdur Rouf Library
Jhenaidah Cadet College

Stress and strain in metal rolling / (Record no. 7582)

MARC details
000 -LEADER
fixed length control field 00705nam a2200241 a 4500
001 - CONTROL NUMBER
JCCL Control Number 7582
003 - CONTROL NUMBER IDENTIFIER
JCCL marc code BD-JhCC
005 - DATE AND TIME OF LATEST TRANSACTION
control field 20180211194258.0
008 - FIXED-LENGTH DATA ELEMENTS--GENERAL INFORMATION
fixed length control field 700820s1967 ru a 000 0 eng d
035 ## - SYSTEM CONTROL NUMBER
system control number (BD-JhCC)7582
040 ## - CATALOGING SOURCE
Original cataloging agency DLC
Transcribing agency DLC
Modifying agency DLC
-- BD-JhCC
041 ## - LANGUAGE CODE
Language code of Book eng
050 00 - LIBRARY OF CONGRESS CALL NUMBER
Classification number TS340
Item number .T7543
082 00 - DEWEY DECIMAL CLASSIFICATION NUMBER
Classification number 620.16
Author mark and Year SIR 1967
100 1# - MAIN ENTRY--PERSONAL NAME
Personal name Sirk, W. U.
245 10 - TITLE STATEMENT
Title Stress and strain in metal rolling /
Statement of responsibility, etc Translated from the Russian by W. U. Sirk.
260 ## - PUBLICATION, DISTRIBUTION, ETC. (IMPRINT)
Place of publication, distribution, etc Moscow :
Name of publisher, distributor, etc Mir Publishers,
Date of publication, distribution, etc 1967.
300 ## - PHYSICAL DESCRIPTION
Pagination 475 p.
Other physical details illus.
Dimensions 22 cm.
500 ## - GENERAL NOTE
General note Translation of Teorii︠a︡ rascheta usiliĭ v prokatnykh stanakh.
650 #0 - SUBJECT ADDED ENTRY--TOPICAL TERM
Topical term or geographic name as entry element Rolling (Metal-work)
942 ## - ADDED ENTRY ELEMENTS (KOHA)
Source of classification or shelving scheme Dewey Decimal Classification
Koha item type Books
Holdings
Source of classification or shelving scheme Damaged status Not for loan Home library Current library Shelving location Date of accession Total Checkouts Full call number Barcode Date last seen Copy number Koha item type
Dewey Decimal Classification     JCC Rouf Library JCC Rouf Library General Stacks 02/11/2018   620.16 SIR 1967 7411 02/11/2018 C-1 Books

JCC Library | Contacts | JCC Home

Last Update on 23 September 2017
Copyright @ 2017-2020 JCC Rouf Library
Rouf Library, Jhenidah Cadet College (JCC), Bangladesh